Normal view
MARC view
Entry Nombre personal
001 - NÚMERO DE CONTROL
- campo de control: 205596
003 - IDENTIFICADOR DE NÚMERO DE CONTROL
- campo de control: $$amxdfmo
005 - FECHA Y HORA DE LA ÚLTIMA TRANSACCIÓN
- campo de control: 20250610114155.0
008 - ELEMENTOS DE DATO DE LONGITUD-FIJA
- campo de control de longitud fija: 081017na|ac|||aab||||||||||||a||aa|||||d
040 ## - FUENTE DE CATALOGACIÓN
- Centro catalogador/agencia de origen: mxdfmo
- Lengua de catalogación: spa
- Centro/agencia transcriptor: mxdfmo
100 1# - ENCABEZAMIENTO-NOMBRE DE PERSONA
- Nombre de persona: Alcalá López, Efraín
400 1# - TRAZADO DE VÉASE--NOMBRE DE PERSONA
- Nombre de persona: López, Efraín Alcalá
670 ## - FUENTE DE DATOS ENCONTRADOS
- Cita de la fuente: Aguascalientes: historia y geografía: tercer grado, 1994:
- Información encontrada: rev. p. (Efraín Alcalá López)